000 006020000a22001930004500
001 768714001
003 CO-MdFUSB
005 20170701144754.0
008 170701s1 a ||||| |||| 00| 0 s d
022 _a0326-7637
040 _aCO-MdFUSB
_bspa
_cCO-MdFUSB
_dCO-MdFUSB
041 _aspa
100 1 _aRicciardi, Alberto
_eautor
245 1 0 _a1 Henoc 70-71 : ¿Es Henoc el hijo del hombre?
300 _aVolumen 17 (1998), Páginas 129-146
_c23 cm.
546 _aTexto en español
773 0 _tCuadernos de Teología
_049404
_959704
_gVolumen 17 (1998), Páginas 129-146
_qPágina 129
942 _cANA
999 _c50027
_d50027